ドラゴンクエストIX(DQ9) 宝の地図の洞窟ボス - Statistics

General Stats
  • This quiz has been taken 41 times
  • The average score is 8 of 12
Answer Stats
ID 系統 Answer % Correct
283 黒竜丸
94%
285 スライム スライムジェネラル
88%
284 ハヌマーン
82%
294 ドラゴン グレイナル
82%
286 マシン Sキラーマシン
79%
291 邪眼皇帝アウルート
56%
289 悪魔 アトラス
53%
287 ドラゴン イデアラゴン
47%
290 怪力軍曹イボイノス
47%
293 ??? 破壊神フォロボス
47%
292 魔剣神レパルド
41%
288 ゾンビ ブラッドナイト
38%
No matching quizzes found
Score Distribution
Percent of People with Each Score
Percentile by Number Answered
Your Score History
You have not taken this quiz